000 00316 a2200157 4500
001 70253
020 _a
040 _cAnchieta - Itaigara
100 _aRocha, Kátia
240 1 0 _aMeu livro
_lpor
245 1 0 _aMeu livro
300 _a47
362 0 _a2002
650 4 _aLiteratura infanto-juvenil
942 _cBK
999 _c70253
_d70253